| 000 | 00462nam a22001937a 4500 | ||
|---|---|---|---|
| 003 | NUST | ||
| 005 | 20220211101034.0 | ||
| 020 | _a8131715024 | ||
| 038 | _aMuzammil | ||
| 082 |
_a620.112 _bHIB |
||
| 100 |
_aHIBBELER, R. C. _988972 |
||
| 245 |
_aMechanics of Materials\ _cHibbeler, R.C. |
||
| 250 | _a6th | ||
| 260 |
_aNew Delhi; _bPearson Education; _c2011. |
||
| 300 |
_a890p. ; _b23 cm. |
||
| 500 | _aPaperback. | ||
| 563 | _apaperback | ||
| 942 |
_cBK _2ddc |
||
| 999 |
_c32450 _d32450 |
||